The reptile room /
After narrowly escaping the menacing clutches of the dastardly Count Olaf, the three Baudelaire orphans are taken in by a kindly herpetologist with whom they live happily for an all-too-brief time.
| Autore principale: | |
|---|---|
| Altri autori: | |
| Natura: | Libro |
| Lingua: | English |
| Pubblicazione: |
New York :
HarperCollins Publishers,
c1999.
|
| Edizione: | First edition. |
| Serie: | A series of unfortunate events ;
bk. 2 Snicket, Lemony. Series of unfortunate events ; bk. 2. |
| Soggetti: | |
| Classic Catalogue: | View this record in Classic Catalogue |
| LEADER | 01594nam a2200385 a 4500 | ||
|---|---|---|---|
| 001 | 33619 | ||
| 003 | BD-DhAAL | ||
| 005 | 20180805160405.0 | ||
| 008 | 180805t1999 nyua c 000 1 eng d | ||
| 999 | |c 39987 |d 39987 | ||
| 010 | |a 99014751 | ||
| 020 | |a 9780062796035 | ||
| 020 | |a 0060283130 (lib. bdg.) | ||
| 020 | |a 0064407675 (pbk.) | ||
| 040 | |a DLC |c DLC |d DLC |d BD-DhAAL | ||
| 042 | |a lcac | ||
| 050 | 0 | 0 | |a PZ7.S6795 |b Re 1999 |
| 082 | 0 | 0 | |a 823.914 |2 21 |
| 100 | 1 | |a Snicket, Lemony. |9 27697 | |
| 245 | 1 | 4 | |a The reptile room / |c by Lemony Snicket ; illustrations by Brett Helquist. |
| 250 | |a First edition. | ||
| 260 | |a New York : |b HarperCollins Publishers, |c c1999. | ||
| 300 | |a 190 pages : |b illustrations ; |c 19 cm. | ||
| 440 | |a A series of unfortunate events ; |v bk. 2 |9 27698 | ||
| 520 | |a After narrowly escaping the menacing clutches of the dastardly Count Olaf, the three Baudelaire orphans are taken in by a kindly herpetologist with whom they live happily for an all-too-brief time. | ||
| 526 | |a AAL | ||
| 541 | |a Trim Education |e 33619 | ||
| 650 | 1 | |a Orphans |v Fiction. |9 27699 | |
| 650 | 1 | |a Brothers and sisters |v Fiction. |9 27700 | |
| 650 | 1 | |a Humorous stories. |9 27701 | |
| 700 | 1 | |a Helquist, Brett, |e illustrator |9 27702 | |
| 800 | 1 | |a Snicket, Lemony. |t Series of unfortunate events ; |v bk. 2. |9 27703 | |
| 852 | |a Ayesha Abed Library |c General Stacks | ||
| 942 | |2 ddc |c BK | ||
| 952 | |0 0 |1 0 |2 ddc |4 0 |6 823_914000000000000_SNI |7 0 |9 64140 |a BRACUL |b BRACUL |c GEN |d 2018-07-30 |e Trim Education |g 1375.00 |l 12 |m 55 |o 823.914 SNI |p 3010033619 |r 2025-07-28 |s 2025-07-21 |t 1 |v 1375.00 |w 2018-07-30 |y BK | ||